| 000 | 00698nam a22001937a 4500 | ||
|---|---|---|---|
| 999 |
_c7141 _d7141 |
||
| 005 | 20251125232812.0 | ||
| 008 | s2539 th tha d | ||
| 040 | _aNALT | ||
| 041 | _atha | ||
| 050 | _aHF5549 ส875น 2539 | ||
| 100 | 0 | _aสุวัจชัย สมไพบูลย์ | |
| 245 | 1 | 0 | _aแนวโน้มการจัดการทรัพยากรบุคคล |
| 260 | 3 |
_aกรุงเทพฯ : _bเมน แมนเนจ, _c2539 |
|
| 300 |
_a222 หน้า ; _b 21 ซม. |
||
| 650 | 0 | 4 | _aการสื่อสารในองค์การ |
| 850 | _aNALT | ||
| 856 | 4 | 0 |
_uhttps://hdl.handle.net/20.500.14156/448651 _71 |
| 942 |
_cGB _2lcc |
||